000 00547nam a2200193Ia 4500
003 OSt
005 20251230122945.0
008 210210b1958 xxu||||| |||| 00| 0 eng d
040 _cAL
041 _aKannada
082 _a859/2157
100 _aSITARAMA SHASTRI
_9158311
_dಸೀತಾರಾಮ ಶಾಸ್ತ್ರಿ
245 _aRajashri:
_b ರಾಜಶ್ರೀ
260 _aBengaluru
_b-
_c1958
690 _aKannada Fiction
_9158313
700 _aVIRAKESARI
_9158314
_d ವೀರಕೇಸರಿ.
906 _a022870
942 _2ddc
_cBK
999 _c147569
_d147569